| 000 | 00940nam a2200277 i 4500 | ||
|---|---|---|---|
| 001 | bg | ||
| 003 | BPK | ||
| 005 | 20210701104204.0 | ||
| 008 | 981118s1984 pl a f f |000 0 pol | ||
| 015 | _aPB 1985/900 | ||
| 040 |
_aWA N _cBPK |
||
| 041 | 0 | _apol | |
| 080 | _a543.061 | ||
| 080 | _a(075.8) | ||
| 100 | 1 |
_aMorawski, Tadeusz _c (chemik) _eAutor |
|
| 245 | 1 | 0 |
_aChemiczna analiza instrumentalna / _cTadeusz Morawski ; Politechnika Krakowska im. Tadeusza Kościuszki. |
| 250 | _aWyd. 3. | ||
| 260 |
_aKraków : _bPK, _c1984. |
||
| 300 |
_a324 s. : _brys., wykr. ; _c24 cm. |
||
| 504 | _aBibliogr. przy rozdz. | ||
| 655 | 4 | _aPodręczniki akademickie | |
| 650 | 4 | _aChemiczna analiza jakościowa | |
| 710 | 2 |
_aPolitechnika Krakowska im. Tadeusza Kościuszki _4pbl. |
|
| 856 |
_uhttp://koha.tu.koszalin.pl/cgi-bin/koha/opac-detail.pl?biblionumber=942 _yKatalog online BPK |
||
| 942 |
_2UKD _cKS |
||
| 999 |
_c942 _d942 |
||